000 00591nam a2200193Ia 4500
003 GCL
008 140319s9999 xx 000 0 ara d
040 _aGCL /
_cGCL
082 0 4 _a658.403
_bج ت
100 1 _aجون.و.حاردنو
245 1 0 _aالتميز: الموهبة والقيادة /
_cجون.و.حاردنو
700 1 _aمحمد محمود رضوان
260 _a[S.N] :
_bالدار الدولية للنشر والتوزيع ،
_c1989
300 _a241 ص
490 _a
650 0 4 _aالادارة
650 0 4 _aالقيادة الادارية
942 _2ddc
_cBK
999 _c38621
_d38621